000 00851nas a2200265 4500
001 BR0500989
003 BR-BrBNA
005 20231205105139.0
007 ta
008 230509b bl.|||p| |||| 00| 00por d
040 _aBR-BrBNA
_bpor
_cBiblioteca Nacional de Agricultura
041 _a(Pt)
072 _aL73; L50
100 1 _aPaschoal, J.J.
100 1 _aZanetti, M.A.
245 1 _aEfeito da suplementação de vitamina A sobre a incidência de mastite em vacas da raça Holandesa
650 _aGADO HOLANDES
650 _aMAMITE
650 _aSUPLEMENTO ALIMENTAR
650 _aVITAMINA A
650 _aBIOQUÍMICA ANIMAL
773 0 _tArquivo Brasileiro de Medicina Veterinária e Zootecnia (Brazil)
_xISSN 0102-0935
_g(Apr 2004), v. 56(2) p. 267-268
_wBR0500989
909 _a202311
_bLúcia
_c55
_dLúcia Elande
942 _2AGRIS
_n0
_cANA
999 _c181474
_d181474